| 000 | 00340nam a2200145 a 4500 | ||
|---|---|---|---|
| 008 | 961206s1969||||xx 0 und c | ||
| 040 |
_aSNK _bslo _cSNK _eAACR2 |
||
| 100 | 1 | _aMerežkovskij, D.S. | |
| 245 | 1 | 0 | _aJulián Apostata |
| 260 |
_aBratislava _bTatran _c1969 |
||
| 300 | _a338 s. | ||
| 020 | _c27 | ||
| 041 | _aslo | ||
| 044 |
_axo _cSK |
||
| 999 |
_c12325 _d12325 |
||